| 000 | 00528nam a22002057a 4500 | ||
|---|---|---|---|
| 999 |
_c442978 _d442978 |
||
| 003 | UA-OsUOA | ||
| 005 | 20191127120322.0 | ||
| 008 | 191127b un ||||| |||| 00| 0 ukr d | ||
| 040 |
_aUA-OsUOA _bukr _cUA-OsUOA _dUA-OsUOA |
||
| 041 | _aukr | ||
| 080 | _a821.161.1 | ||
| 090 |
_a821.161.1 _bС66 |
||
| 100 | _aСоснин В | ||
| 245 |
_aВерные долгу _cВалентин Соснин |
||
| 260 |
_aКиев _bМолодь _c1995 |
||
| 300 | _a191 с. | ||
| 650 | _a821.161.1 | ||
| 942 |
_2udc _cBK |
||
| 955 | _a3 | ||